000 00450nam a2200169Ia 4500
005 20250508152027.0
008 008 250505s9999 xx 000 0 eng d
037 _aTextual
040 _aFEDL
_beng
_cFEDL
041 _aeng
_2eng
084 _a640.7, DEV
_qFEDL
100 _aDevadas Rajammal P
245 0 _aHome science in secondary education
300 _a151 - 196p.
942 _cTEXL
_h640.7, DEV
999 _c1333722
_d1333722